[Event "Challenge"]
[Site "http://www.queenalice.com/game.php?id=10464"]
[Date "2005.4.21"]
[Round "-"]
[White "crister"]
[Black "camata"]
[Result "1-0"]
[WhiteElo "1487"]
[BlackElo "1500"]

1. e4 g6 2. d4 b6 3. Nf3 Nf6 4. Nc3 e6 5. Bg5 c5 6. e5 Bg7 7. Ne4 Qc7 8. Nxf6+
Bxf6 9. Bxf6 O-O 10. Qd2 Rd8 11. Qh6 Qxe5+ 12. Nxe5 d5 13. Qg7# 1-0

[Event "Challenge"]
[Site "http://www.queenalice.com/game.php?id=10480"]
[Date "2005.4.22"]
[Round "-"]
[White "crister"]
[Black "camata"]
[Result "1-0"]
[WhiteElo "1506"]
[BlackElo "1294"]

1. e4 e5 2. Bc4 Qf6 3. Nf3 g5 4. Nc3 Bc5 5. Nd5 Qg6 6. Qe2 g4 7. Nh4 Qh5 8. g3
c6 9. Nc7+ Kf8 10. Nxa8 b5 11. Bb3 Nf6 12. d3 Na6 13. Nf5 d6 14. Bh6+ Ke8 15.
Ng7+ Ke7 16. Nxh5 Nxh5 17. c4 Nb4 18. Be3 Kd7 19. Bxc5 Na6 20. Qxg4+ f5 21.
Qxf5+ Kd8 22. Qg5+ Kd7 23. Bxa7 Nc5 24. Bxc5 dxc5 25. Qxh5 Rf8 26. Qxh7+ Rf7 27.
Qxf7+ 1-0

[Event "Challenge"]
[Site "http://www.queenalice.com/game.php?id=10598"]
[Date "2005.4.22"]
[Round "-"]
[White "dorbe03"]
[Black "camata"]
[Result "1-0"]
[WhiteElo "1364"]
[BlackElo "1331"]

1. Nf3 e6 2. e3 Na6 3. Bxa6 bxa6 4. Nc3 d5 5. d4 Nh6 6. O-O f5 7. Ne5 Qg5 8. e4
f4 9. Nf3 Qh5 10. exd5 exd5 11. Bxf4 Ng4 12. h3 Nf6 13. Bxc7 Qg6 14. Qe2+ Ne4
15. Nxd5 Be7 16. Ne5 Qg5 17. Qxe4 Qh5 18. Nxe7 Qg5 19. Qxa8 Qxe7 20. Qxc8+ Qd8
21. Qxd8# 1-0

[Event "lusa"]
[Site "http://www.queenalice.com/game.php?id=10701"]
[Date "2005.4.23"]
[Round "-"]
[White "valdir"]
[Black "camata"]
[Result "1-0"]
[WhiteElo "1370"]
[BlackElo "1308"]

1. e4 e5 2. Bc4 Nf6 3. b3 Ng4 4. Qxg4 c5 5. Qf3 f6 6. Qh5+ g6 7. Qe2 Nc6 8. Bb2
Bh6 9. Bc3 f5 10. exf5 Qg5 11. g4 Rf8 12. Bb5 Nd4 13. Qxe5+ Kd8 14. Bxd4 Re8 15.
Qxe8+ Kxe8 16. h3 Qh4 17. Nf3 Qe7+ 18. Be3 g5 19. Nc3 a6 20. Be2 d6 21. Nd5 Qg7
22. f6 Qg6 23. Bd3 Qf7 24. Bc4 b5 25. Nb6 Qg6 26. O-O Qe4 27. Bd5 Qb4 28. Nxa8
Bd7 29. Nc7+ Kd8 30. Ne6+ Bxe6 31. Bxe6 Qe4 32. Ne1 c4 33. Bf5 Qe5 34. f7 Qh8
35. c3 cxb3 36. axb3 Qe5 37. Rxa6 Ke7 38. Ra7+ Kf6 39. Bd4 1-0

[Event "Challenge"]
[Site "http://www.queenalice.com/game.php?id=10708"]
[Date "2005.4.23"]
[Round "-"]
[White "zevir"]
[Black "camata"]
[Result "1-0"]
[WhiteElo "1201"]
[BlackElo "1284"]

1. e4 e5 2. Nf3 Bc5 3. Nc3 Nh6 4. Nxe5 Qh4 5. g3 Qg5 6. d4 Qf6 7. Nd5 Qe6 8.
Nxc7+ Kd8 9. Nxe6+ Ke8 10. Nxc5 f6 11. Bxh6 fxe5 12. dxe5 b6 13. Bxg7 Rf8 14.
Qh5+ Rf7 15. Bc4 d6 16. Qxf7+ Kd8 17. Bf6# 1-0

[Event "Challenge"]
[Site "http://www.queenalice.com/game.php?id=10807"]
[Date "2005.4.23"]
[Round "-"]
[White "gigino42"]
[Black "camata"]
[Result "1-0"]
[WhiteElo "1664"]
[BlackElo "1295"]

1. e4 Nc6 2. d4 e6 3. Nf3 Nh6 4. Be2 Ng4 5. O-O Bd6 6. e5 Bb4 7. c3 Ba5 8. h3
Nh6 9. Bg5 Ne7 10. Nbd2 c6 11. Nc4 b6 12. b4 b5 13. Nxa5 Nhf5 14. c4 Rb8 15. a3
f6 16. exf6 gxf6 17. Bf4 d6 18. d5 c5 19. cxb5 Nxd5 20. Nc6 Qc7 21. Bh2 Rg8 22.
Nxb8 Qxb8 23. bxc5 dxc5 24. Bxb8 Nc3 25. Qc2 Nd5 26. Qxc5 Bd7 27. Bc4 Nde7 28.
Bxa7 h5 29. Rfe1 Rg6 30. Bxe6 Bc6 31. bxc6 Kf8 32. c7 Kg7 33. c8=Q Nxc8 34. Qxc8
Ne7 35. Qd7 Kf8 36. Bc5 Kg7 37. Qxe7+ Kh6 38. Be3+ Rg5 39. Qxf6+ Kh7 40. Nxg5#
1-0

[Event "Challenge"]
[Site "http://www.queenalice.com/game.php?id=11175"]
[Date "2005.4.26"]
[Round "-"]
[White "rochess"]
[Black "camata"]
[Result "1-0"]
[WhiteElo "1376"]
[BlackElo "1383"]

1. d4 e6 2. e4 Qf6 3. Nf3 Nc6 4. d5 exd5 5. exd5 Nb4 6. c3 Na6 7. Qe2+ Ne7 8.
Bg5 Qf5 9. Bxe7 Bxe7 10. Qe5 Qc2 11. Qxg7 Rf8 12. c4 Bb4+ 13. Nbd2 Kd8 14. a3
Bc5 15. b4 Re8+ 16. Be2 Bb6 17. Qg5+ Re7 18. Ne5 d6 19. Nxf7+ Ke8 20. Qg8+ Kd7
21. Qd8# 1-0

[Event "Challenge"]
[Site "http://www.queenalice.com/game.php?id=11176"]
[Date "2005.4.26"]
[Round "-"]
[White "camata"]
[Black "rochess"]
[Result "0-1"]
[WhiteElo "1332"]
[BlackElo "1400"]

1. d4 d5 2. Nf3 Nf6 3. c3 Bg4 4. Ne5 Bh5 5. Nd2 Ne4 6. f3 Nf6 7. g3 Nc6 8. Qa4
Nd7 9. Bh3 Ndxe5 10. b4 Nd7 11. Nb3 Nb6 12. Qb5 Bg6 13. Nc5 a6 14. Nxa6 Rxa6 15.
e4 e6 16. exd5 Qxd5 17. Qe2 Qc4 18. Qe3 Qd3 19. Qg5 Qxc3+ 20. Bd2 Qxa1+ 21. Bc1
f6 22. Qe3 Nc4 23. Qxe6+ Ne7 0-1

[Event "Challenge"]
[Site "http://www.queenalice.com/game.php?id=11218"]
[Date "2005.4.27"]
[Round "-"]
[White "Tiago"]
[Black "camata"]
[Result "0-1"]
[WhiteElo "1267"]
[BlackElo "1326"]

1. b3 e5 2. Nf3 Nc6 3. a4 Bc5 4. e3 Nf6 5. Bb2 Ng4 6. h3 Nf6 7. g4 Ne4 8. Bd3
Nd6 9. Nc3 b6 10. h4 a5 11. h5 g5 12. Ke2 f6 13. Bg6+ Kf8 14. h6 Rg8 15. Bh5 Nb4
16. d4 exd4 17. exd4 Qe7+ 18. Kf1 Ne4 19. Nb5 d5 20. Nh2 c6 21. Na3 f5 22. dxc5
bxc5 23. f3 Ng3+ 24. Kg2 f4 25. Re1 Be6 26. c3 Na6 27. Nb5 Rb8 28. Na3 c4 29. b4
axb4 30. cxb4 Nxb4 31. Rb1 Qc5 32. Rxe6 Nd3 33. Rf6+ Ke7 34. Bf7 Qf2+ 35. Kh3
Kd7 36. Qc2 Ne2 37. Rf1 Qg3# 0-1

[Event "Challenge"]
[Site "http://www.queenalice.com/game.php?id=12163"]
[Date "2005.5.6"]
[Round "-"]
[White "nightsend"]
[Black "camata"]
[Result "1-0"]
[WhiteElo "1901"]
[BlackElo "1383"]

1. e4 e5 2. Nf3 Nc6 3. Bb5 a6 4. Ba4 Qf6 5. Nc3 g6 6. Nd5 Qd6 7. O-O Nh6 8. d4
Nxd4 9. Nxd4 exd4 10. Qxd4 Ng4 11. Bf4 Qe6 12. Nxc7+ Kd8 13. Nxe6+ Ke7 14. Bd6+
Kxe6 15. Bb3# 1-0

[Event "Challenge"]
[Site "http://www.queenalice.com/game.php?id=12223"]
[Date "2005.5.7"]
[Round "-"]
[White "camata"]
[Black "Alsina"]
[Result "0-1"]
[WhiteElo "1295"]
[BlackElo "1771"]

1. Nf3 d5 2. d4 Nf6 3. Na3 Bf5 4. g4 Bxg4 5. Ne5 Bf5 6. Rg1 e6 7. Nb5 c6 8. Nc3
h6 9. b3 Nbd7 10. Na4 Nxe5 11. dxe5 Ne4 12. f4 Qh4+ 13. Rg3 Bb4+ 14. c3 Qxh2 15.
Rg2 Qh4+ 16. Rg3 Qxg3# 0-1

[Event "spain vs germany"]
[Site "http://www.queenalice.com/game.php?id=14331"]
[Date "2005.5.25"]
[Round "-"]
[White "camata"]
[Black "snape81"]
[Result "1-0"]
[WhiteElo "1298"]
[BlackElo "1047"]

1. e4 g5 2. d4 Bg7 3. Qf3 Bxd4 4. Bc4 d6 5. Bxg5 Bxb2 6. Nd2 Bxa1 7. c3 a5 8.
Nb3 Ra6 9. Bb5+ Kf8 10. Bc4 Rc6 11. Qxf7# 1-0

[Event "Challenge"]
[Site "http://www.queenalice.com/game.php?id=14549"]
[Date "2005.5.28"]
[Round "-"]
[White "Boeing"]
[Black "camata"]
[Result "1-0"]
[WhiteElo "1750"]
[BlackElo "1308"]

1. e4 e5 2. Qh5 Nf6 3. Qxe5+ Be7 4. d3 c6 5. d4 b5 6. b4 d6 7. Qg3 Nxe4 8. Qxg7
Rf8 9. Qxh7 d5 10. Bh6 Bh4 11. g3 Bg5 12. Bxf8 Kxf8 13. Bh3 Qf6 14. f3 Bxh3 15.
Qxh3 Nd6 16. c3 Nc4 17. Qc8+ Kg7 18. Qb7 1-0